How to read the solar system (Record no. 19052)
[ view plain ]
| 000 -LEADER | |
|---|---|
| fixed length control field | 00608nam a2200205Ia 4500 |
| 003 - CONTROL NUMBER IDENTIFIER | |
| control field | IN-BaIIA |
| 008 - FIXED-LENGTH DATA ELEMENTS--GENERAL INFORMATION | |
| fixed length control field | 211028s9999 xx 000 0 eng d |
| 020 ## - INTERNATIONAL STANDARD BOOK NUMBER | |
| International Standard Book Number | 978-1-60598-671-5 |
| 040 ## - CATALOGING SOURCE | |
| Transcribing agency | IIA Library |
| 080 ## - UNIVERSAL DECIMAL CLASSIFICATION NUMBER | |
| Universal Decimal Classification number | 523 |
| Item number | NOR |
| 100 ## - MAIN ENTRY--PERSONAL NAME | |
| Personal name | North, Chris |
| 9 (RLIN) | 36387 |
| 245 #0 - TITLE STATEMENT | |
| Title | How to read the solar system |
| Remainder of title | a guide to the stars and planets |
| Statement of responsibility, etc. | Chris North and Paul Abel |
| 260 ## - PUBLICATION, DISTRIBUTION, ETC. | |
| Place of publication, distribution, etc. | New York |
| Name of publisher, distributor, etc. | Pegasus books |
| Date of publication, distribution, etc. | 2014 |
| 300 ## - PHYSICAL DESCRIPTION | |
| Extent | 320p. |
| 650 ## - SUBJECT ADDED ENTRY--TOPICAL TERM | |
| Topical term or geographic name entry element | Solar system - observers' manuals |
| 9 (RLIN) | 36388 |
| 650 ## - SUBJECT ADDED ENTRY--TOPICAL TERM | |
| Topical term or geographic name entry element | Stars |
| 650 ## - SUBJECT ADDED ENTRY--TOPICAL TERM | |
| Topical term or geographic name entry element | Stars - observers' manuals |
| 9 (RLIN) | 36389 |
| 700 ## - ADDED ENTRY--PERSONAL NAME | |
| Personal name | Abel, Paul |
| 9 (RLIN) | 36390 |
| 942 ## - ADDED ENTRY ELEMENTS (KOHA) | |
| Koha item type | Books |
| Withdrawn status | Lost status | Damaged status | Not for loan | Home library | Current library | Shelving location | Date acquired | Source of acquisition | Cost, normal purchase price | Total Checkouts | Full call number | Barcode | Date last seen | Date last checked out | Cost, replacement price | Price effective from | Koha item type | Purchase Price |
|---|---|---|---|---|---|---|---|---|---|---|---|---|---|---|---|---|---|---|
| IIA Library-Bangalore | IIA Library-Bangalore | General Stacks | 22/05/2015 | BBI | 6231.00 | 1 | 523/ NOR | 19974 | 29/03/2023 | 11/08/2022 | 6231.00 | 22/05/2015 | Books | Rs. 6231.00 |